|
|
|
|
| LEADER |
00000nam0a2200000 4500 |
| 001 |
152691 |
| 005 |
20231101221634.0 |
| 010 |
|
|
|a 9785756807769
|
| 035 |
|
|
|a (RuTPU)RU\TPU\book\165549
|
| 090 |
|
|
|a 152691
|
| 100 |
|
|
|a 20090204d2008 km y0rusy50 ca
|
| 101 |
0 |
|
|a rus
|a eng
|
| 102 |
|
|
|a RU
|
| 105 |
|
|
|a ac ac 001zb
|
| 200 |
1 |
|
|a Труды профессора М. Д. Старостенкова
|e библиографический указатель
|f Алтайский государственный технический университет им. И. И. Ползунова (АлтГТУ), Научно-техническая библиотека ; сост. И. В. Волкова
|
| 210 |
|
|
|a Барнаул
|c Изд-во АлтГТУ
|d 2008
|
| 215 |
|
|
|a 132 с.
|c ил.
|
| 320 |
|
|
|a Литература о М. Д. Старостенкове: с. 118.
|
| 320 |
|
|
|a Именной указатель: с. 121-131.
|
| 330 |
|
|
|a Библиографический указатель содержит перечень научных трудов доктора физико-математических наук, профессора М. Д. Старостенкова, опубликованных с 1965 года по 2008 год, его биографию, список диссертаций, выполненных под руководством профессора М.Д. Старостенкова, перечень организаций, сотрудничающих с кафедрой общей физики АлтГТУ им. И. И. Ползунова. Указатель продолжает серию библиографических указателей, издаваемых научно-технической библиотекой АлтГТУ с 1999 года, посвященных трудам ученых технического университета. Издание рассчитано на широкий круг научных сотрудников, аспирантов, инженерно-технических работников, работающих в области физики твердого тела и занимающихся исследованием свойств кристаллов и их применением.
|
| 600 |
|
1 |
|a Старостенков
|b М. Д.
|c русский ученый в области физики твердого тела
|f 1944-
|g Михаил Дмитриевич
|2 stltpush
|3 (RuTPU)RU\TPU\pers\23467
|9 10225
|
| 606 |
1 |
|
|a Физика твердого тела
|2 stltpush
|3 (RuTPU)RU\TPU\subj\63727
|9 80702
|
| 606 |
1 |
|
|a Физика
|2 stltpush
|3 (RuTPU)RU\TPU\subj\63709
|9 80688
|
| 606 |
1 |
|
|a Библиографические пособия
|x По физике
|2 stltpush
|3 (RuTPU)RU\TPU\subj\28555
|9 52073
|
| 610 |
1 |
|
|a Россия
|
| 610 |
1 |
|
|a ученые-физики
|
| 610 |
1 |
|
|a библиографические указатели
|
| 610 |
1 |
|
|a кристаллы
|
| 675 |
|
|
|a 539.2(01)
|v 3
|
| 686 |
|
|
|a Я19:539.2
|v LBC/SL-A
|2 rubbk
|
| 702 |
|
1 |
|a Волкова
|b И. В.
|4 220
|
| 712 |
0 |
2 |
|a Алтайский государственный технический университет им. И. И. Ползунова (АлтГТУ)
|b Научно-техническая библиотека
|c (Барнаул)
|c (1992- )
|2 stltpush
|3 (RuTPU)RU\TPU\col\436
|
| 801 |
|
1 |
|a RU
|b 63413507
|c 20090204
|g PSBO
|
| 801 |
|
2 |
|a RU
|b 63413507
|c 20140320
|g PSBO
|
| 942 |
|
|
|c BK
|